| 000 | 00609nac a22001811u 4500 | ||
|---|---|---|---|
| 020 | _a9812548890 | ||
| 082 |
_a658.155 _bW3371 |
||
| 090 |
_c1200 _d1200 |
||
| 100 | _aWatsham, Terry J. | ||
| 245 |
_aFutures and options in risk management / _cTerry J. Watsham. |
||
| 250 | _a2nd ed. | ||
| 260 |
_aAustralia : _bThomson _c1998. |
||
| 300 |
_a606 p. : _bDiagram, _c24 cm. |
||
| 500 | _aIncludes index. | ||
| 650 | _aRisk management. | ||
| 942 |
_cBB _k658.155W3371 |
||
| 999 |
_c1200 _d1200 |
||